|
|
|
|
| LEADER |
00950nam a22002297a 4500 |
| 001 |
41294 |
| 003 |
BD-DhAAL |
| 008 |
230530t1973 enkab b 001 0 eng d |
| 040 |
|
|
|a BD-DhAAL
|c BD-DhAAL
|
| 082 |
0 |
0 |
|a 330.94
|
| 245 |
0 |
4 |
|a The Fontana economic history of Europe :
|b the industrial revolution /
|c edited by, Carlo M. Cipolla.
|
| 260 |
|
|
|a London :
|b Collins Clear-Type Press,
|a 1973.
|
| 300 |
|
|
|a 624 pages :
|b illustrations, maps ;
|c 18 cm.
|
| 504 |
|
|
|a Includes bibliographical references and index.
|
| 541 |
|
|
|a Donated By Akbar Ali Khan
|e 41294
|
| 650 |
|
|
|a Economics.
|
| 651 |
|
0 |
|a Europe
|x Economic conditions.
|
| 700 |
1 |
|
|a Cipolla, Carlo M.
|9 47361
|
| 852 |
|
|
|a Ayesha Abed Library
|c Akbar Ali Khan Collection
|
| 942 |
|
|
|2 ddc
|c BK
|
| 999 |
|
|
|c 45821
|d 45821
|
| 952 |
|
|
|0 0
|1 0
|2 ddc
|4 0
|6 330_940000000000000_FON
|7 1
|9 73702
|a BRACUL
|b BRACUL
|c AAKC
|d 2023-05-30
|e Donated By Akbar Ali Khan
|g 166.00
|l 0
|o 330.94 FON
|p 3010041294
|r 2023-05-30
|t 1
|w 2023-05-30
|y BK
|x £1.25
|